Welcome to the Holygrace Academy Library

Please use search bar below to get started

NURSARY RHYMES AND STORIES (Record no. 1753)

MARC details
000 -LEADER
fixed length control field 00285nam a22001217a 4500
082 ## - DEWEY DECIMAL CLASSIFICATION NUMBER
Classification number 821
Item number JAM/N
100 ## - MAIN ENTRY--AUTHOR NAME
Personal name JAMEA, JIJI
245 ## - TITLE STATEMENT
Title NURSARY RHYMES AND STORIES
260 ## - PUBLICATION, DISTRIBUTION, ETC. (IMPRINT)
Place of publication THRISSUR
Name of publisher H&C PUBLISHING HOUSE
300 ## - PHYSICAL DESCRIPTION
Number of Pages 48
650 ## - SUBJECT ADDED ENTRY--TOPICAL TERM
Topical Term ENGLISH RHYMES AND STORY
Geographic subdivision KERALA
942 ## - ADDED ENTRY ELEMENTS (KOHA)
Koha item type Books
Holdings
Withdrawn status Lost status Collection code Home library Current library Shelving location Date acquired Source of acquisition Cost, normal purchase price Full call number Accession Number Koha item type
    Fiction Main Library Main Library SHELF 3- A- LADY BIRD STORY BOOKS 10/03/2014 PURCHASE 10.00 821 JAM/N 06630 Books